Kẻ sĩ Gia Định

שמור ב:
מידע ביבליוגרפי
מחבר ראשי: Trần Bạch Đằng
פורמט: ספר
שפה:Undetermined
יצא לאור: Tp. HCM Trẻ 2001
נושאים:
תגים: הוספת תג
אין תגיות, היה/י הראשונ/ה לתייג את הרשומה!
Thư viện lưu trữ: Trung tâm Học liệu Trường Đại học Cần Thơ
LEADER 00558nam a2200193Ia 4500
001 CTU_40624
008 210402s9999 xx 000 0 und d
020 |b 48.600đ 
082 |a 895.9228 
082 |b Đ116 
100 |a Trần Bạch Đằng 
245 0 |a Kẻ sĩ Gia Định 
245 0 |c Trần Bạch Đằng 
260 |a Tp. HCM 
260 |b Trẻ 
260 |c 2001 
650 |a historical fiction, vietnamese,vietnamese literature - 20th century 
904 |i Minh, 010322 
980 |a Trung tâm Học liệu Trường Đại học Cần Thơ